000 00851nam a2200265Ia 4500
005 20220316235710.0
008 121119s2001 ck a gr 000 f spa
020 _a9580462631
041 0 _aspa
100 1 _aCaballero, Beatriz
245 1 0 _aCuaderno de novios
_cBeatriz Caballero ; ilustraciones de Daniela Violi
250 _aPrimera edición
300 _a125 páginas
_bilustraciones
_c19 cm
650 1 4 _aNovela infantil colombiana
_2LEMB
650 1 4 _aLiteratura infantil colombiana
_2LEMB
650 1 4 _aNovela amorosa
_2LEMB
700 1 _aVioli, Daniela
_eilustrador
_933380
942 _2loc
_cBKLIT
264 _aBogotá
_bGrupo Editorial Norma
_c2001
336 _atexto
_btxt
_2rdacontent
337 _asin mediación
_bn
_2rdamedia
338 _avolumen
_bnc
_2rdacarrier
040 _aCO-BoRNBP
_bspa
_erda
_cCO-BoRNBP
084 _aN CAB6
999 _c1863
_d1863